Developments in astrometry and their impact on astrophysics and geodynamics (Record no. 10674)

MARC details
000 -LEADER
fixed length control field 01045nam a2200253Ia 4500
003 - CONTROL NUMBER IDENTIFIER
control field IN-BaIIA
008 - FIXED-LENGTH DATA ELEMENTS--GENERAL INFORMATION
fixed length control field 211028s9999 xx 000 0 eng d
020 ## - INTERNATIONAL STANDARD BOOK NUMBER
International Standard Book Number 0-9823-2238-X
040 ## - CATALOGING SOURCE
Transcribing agency IIA Library
080 ## - UNIVERSAL DECIMAL CLASSIFICATION NUMBER
Universal Decimal Classification number 082.2:52
Item number IAU-S156
111 ## - MAIN ENTRY--MEETING NAME
Meeting name or jurisdiction name as entry element Symposium of the International Astronomical Union
Location of meeting China
Date of meeting or treaty signing 1992 Sept.15-19
9 (RLIN) 18209
245 #0 - TITLE STATEMENT
Title Developments in astrometry and their impact on astrophysics and geodynamics
Remainder of title proceedings of the 156th symposium of the International Astronomical Union, held in Shanghai,China,September 15-19,1992
Statement of responsibility, etc. edited by Ivan I. Mueller and Barbara Kolaczek
260 ## - PUBLICATION, DISTRIBUTION, ETC.
Place of publication, distribution, etc. Dordrecht
Name of publisher, distributor, etc. Kluwer Academic
Date of publication, distribution, etc. 1993
300 ## - PHYSICAL DESCRIPTION
Extent xxxi, 440p.
490 ## - SERIES STATEMENT
Series statement IAU symposium; no. 156
650 ## - SUBJECT ADDED ENTRY--TOPICAL TERM
Topical term or geographic name entry element Astrometry
650 ## - SUBJECT ADDED ENTRY--TOPICAL TERM
Topical term or geographic name entry element Astronomy and Astrophysics thesaurus
650 ## - SUBJECT ADDED ENTRY--TOPICAL TERM
Topical term or geographic name entry element Astrophysics
9 (RLIN) 794
650 ## - SUBJECT ADDED ENTRY--TOPICAL TERM
Topical term or geographic name entry element Geodynamics
9 (RLIN) 3578
700 ## - ADDED ENTRY--PERSONAL NAME
Personal name Kolaczek, Barbara, ed.
9 (RLIN) 9979
700 ## - ADDED ENTRY--PERSONAL NAME
Personal name Mueller, Ivan I., ed.
9 (RLIN) 18210
710 ## - ADDED ENTRY--CORPORATE NAME
Corporate name or jurisdiction name as entry element International Astronomical Union
942 ## - ADDED ENTRY ELEMENTS (KOHA)
Koha item type Books
Holdings
Withdrawn status Lost status Damaged status Not for loan Home library Current library Shelving location Date acquired Total Checkouts Full call number Barcode Date last seen Price effective from Koha item type
        IIA Library-Bangalore IIA Library-Bangalore General Stacks 29/06/1993   082.2:52/ IAU-S156 11585 05/11/2021 29/06/1993 Books

Powered by Koha